000 00517nam a2200193Ia 4500
003 OSt
005 20221007082811.0
006 a|||||r|||| 00| 0
007 ta
008 221006b |||||||| |||| 00| 0 eng d
024 _a23,222
037 _cDissertations
040 _aFLL
_cFLL
_beng
041 _2eng
_aeng
100 _aPrakash Ranjan
_9699501
245 0 _aWTO
_b trips agreement and its implication on Indian patent regime.
942 _cDIS
_2CC
999 _c1167767
_d1167767